Management accounting and financial analysis (Record no. 737)

MARC details
000 -LEADER
fixed length control field 00827 a2200217 4500
008 - FIXED-LENGTH DATA ELEMENTS--GENERAL INFORMATION
fixed length control field 080820t xxu||||| |||| 00| 0 eng d
010 ## - LIBRARY OF CONGRESS CONTROL NUMBER
LC control number ENG-84909
020 ## - INTERNATIONAL STANDARD BOOK NUMBER
International Standard Book Number 8122504248
Terms of availability 350.00
035 ## - SYSTEM CONTROL NUMBER
System control number EN-68442
037 ## - SOURCE OF ACQUISITION
Source of stock number/acquisition D.B.Act / Pub
082 ## - DEWEY DECIMAL CLASSIFICATION NUMBER
Classification number 658.1511
100 ## - MAIN ENTRY--PERSONAL NAME
Personal name Rathnam, P. V.
245 ## - TITLE STATEMENT
Title Management accounting and financial analysis
Statement of responsibility, etc by P. V. Rathnam and P. Lalitha
250 ## - EDITION STATEMENT
Edition statement 1st ed.
260 ## - PUBLICATION, DISTRIBUTION, ETC. (IMPRINT)
Place of publication, distribution, etc New Delhi
Name of publisher, distributor, etc Kitab Mahal
Date of publication, distribution, etc 2007
270 ## - ADDRESS
Address 28, Netaji Subhash Marg
City Delhi
State or province New Delhi
Postal code 110002
Telephone number 23273230
300 ## - PHYSICAL DESCRIPTION
Extent 1404 p
Dimensions 24 cm (Pbk)
650 ## - SUBJECT ADDED ENTRY--TOPICAL TERM
Topical term or geographic name as entry element Management accounting
942 ## - ADDED ENTRY ELEMENTS (KOHA)
Institution code [OBSOLETE] dpl
Koha item type English Books
Call number prefix 658.1511 / RAT
Source of classification or shelving scheme Dewey Decimal Classification
Classification part 658.1511
Call number suffix RAT
Holdings
Withdrawn status Lost status Damaged status Not for loan Home library Current library Date acquired Cost, normal purchase price Total Checkouts Full call number Barcode Date last seen Copy number Uniform Resource Identifier Cost, replacement price Price effective from Koha item type
        D.B.Act.Division D.B.Act.Division 20/08/2008 350.00   658.1511 RAT EN-68442 15/09/2008 1 718 350.00 15/09/2008 English Books

© Delhi Public Library
Hit Counter
free hit counter